LEADER 01806nam 2200409Ia 450 001 996386745303316 005 20221108093139.0 035 $a(CKB)1000000000615480 035 $a(EEBO)2248549113 035 $a(OCoLC)9920452400971 035 $a(EXLCZ)991000000000615480 100 $a19950918d1551 uy | 101 0 $aeng 135 $aurbn||||a|bb| 200 12$aA proclamacion set furth by the Kinges Maiestie with the aduise of his highnes most honorable counsail, for the shortening of a day limited in another proclamation, concerning the abacing of the value of shilinges and grotes$b[electronic resource] 210 $a[London]$cRichardus Grafton typographus Regius excudebat$dM. D. LI. [1551] 215 $a1 sheet ([1] p.) 300 $aForm letter. 300 $aContains wood-cut initial. 300 $a"At Grenewiche the [blank] of June. The fift yere of the reigne of the kinges maiestie." 300 $a"Cum priuilegio ad imprimendum solum." 300 $aReproduction of original in: Society of Antiquaries. 330 $aeebo-0147 606 $aDevaluation of currency$zEngland$y16th century 606 $aMonetary policy$zEngland 607 $aGreat Britain$xHistory$yEdward VI, 1547-1553 608 $aBroadsides$zLondon (England)$y16th century.$2rbgenr 615 0$aDevaluation of currency 615 0$aMonetary policy 701 $aEdward$cKing of England,$f1537-1553.$01002269 801 0$bEBK 801 1$bEBK 801 2$bWaOLN 906 $aBOOK 912 $a996386745303316 996 $aA proclamacion set furth by the Kinges Maiestie with the aduise of his highnes most honorable counsail, for the shortening of a day limited in another proclamation, concerning the abacing of the value of shilinges and grotes$92301758 997 $aUNISA